The economics of health and health care / (Record no. 14094)

MARC details
000 -LEADER
fixed length control field 01067cam a22003014a 4500
001 - CONTROL NUMBER
control field 14364258
003 - CONTROL NUMBER IDENTIFIER
control field mut
005 - DATE AND TIME OF LATEST TRANSACTION
control field 20240606081305.0
008 - FIXED-LENGTH DATA ELEMENTS--GENERAL INFORMATION
fixed length control field 060504s2007 njua b 001 0 eng
010 ## - LIBRARY OF CONGRESS CONTROL NUMBER
LC control number 2006044808
020 ## - INTERNATIONAL STANDARD BOOK NUMBER
International Standard Book Number 0132279428
040 ## - CATALOGING SOURCE
Original cataloging agency DLC
Transcribing agency mut
042 ## - AUTHENTICATION CODE
Authentication code pcc
050 00 - LIBRARY OF CONGRESS CALL NUMBER
Classification number RA410
Item number .F65 2007
082 00 - DEWEY DECIMAL CLASSIFICATION NUMBER
Classification number 338.4/33621
Edition information 22
100 1# - MAIN ENTRY--PERSONAL NAME
Personal name Folland, Sherman.
245 14 - TITLE STATEMENT
Title The economics of health and health care /
250 ## - EDITION STATEMENT
Edition statement 5th ed.
260 ## - PUBLICATION, DISTRIBUTION, ETC.
Place of publication, distribution, etc. Upper Saddle River, NJ :
Name of publisher, distributor, etc. Pearson Prentice Hall,
Date of publication, distribution, etc. c2007.
300 ## - PHYSICAL DESCRIPTION
Extent xxvii, 607 p. :
Other physical details ill. ;
Dimensions 26 cm.
504 ## - BIBLIOGRAPHY, ETC. NOTE
Bibliography, etc. note Includes bibliographical references (p. 566-593) and index.
650 #0 - SUBJECT ADDED ENTRY--TOPICAL TERM
Topical term or geographic name entry element Medical economics.
700 1# - ADDED ENTRY--PERSONAL NAME
Personal name Goodman, Allen C.
700 1# - ADDED ENTRY--PERSONAL NAME
Personal name Stano, Miron.
906 ## - LOCAL DATA ELEMENT F, LDF (RLIN)
a 7
b cbc
c orignew
d 1
e ocip
f 20
g y-gencatlg
942 ## - ADDED ENTRY ELEMENTS (KOHA)
Source of classification or shelving scheme Library of Congress Classification
Koha item type Books
Holdings
Withdrawn status Lost status Source of classification or shelving scheme Damaged status Not for loan Home library Current library Shelving location Date acquired Source of acquisition Total checkouts Full call number Barcode Date last seen Price effective from Koha item type
    Library of Congress Classification     Murang'a University of Technology Library Murang'a University of Technology Library General stacks 06/11/2017 Donation-TFC   RA410 .F65 2007 016378 30/08/2024 06/11/2017 Books